000 00862nam a2200229Ii 4500
003 JO-AjNU
008 230605s9999||||xx |||||||||||||| ||und||
017 _a2021/1/359
020 _a978-9923-19-080-7
040 _aJO-AjNU
_bara
_erda
_cJO-AjNU
041 _aara
050 1 4 _aS494.5.2021
100 3 _aتأليف العكيلي، محمد حبيب,
_eauthor
_964259
245 0 0 _aجغرافية الزراعة
250 _aالطبعة الاولى
264 3 1 _aعمان، بغداد: دار الوضاح للنشر، مكتبة دجلة، 2017
300 _a454ص
_bيحتوي على قائمة مصادر من ص 439-454، يحتوي على خرائط وصور وجداول
336 _atext
_btxt
_2rdacontent
337 _aunmediated
_bn
_2rdamedia
338 _avolume
_bnc
_2rdacarrier
650 4 _aالجغرافية الزراعية
_964260
999 _aA29193
_c32761
_d32761